000 00385pam a2200157 a 4500
020 _a9789350257838
_c
041 _aeng
082 _a617.3
_bVAZ
100 _aVAZSHNEY M.K .
245 _aPRACTICAL ORTHOPEDIC EXAMINATION MADE EASY
_hTextual Documents
250 _a2.
260 _bJAYPEE BROTHERS MEDICAL PUB.
_c2012
300 _a561:
_cPB.
930 _a7289
999 _c801816
_d801816
650 _aORTHO